| 000 | 00646nam a22001457a 4500 | ||
|---|---|---|---|
| 020 | _a978-0-7499-5363-8 | ||
| 082 |
_a823 _bMCC/M |
||
| 100 | _aMcCAUL, KATHLEEN | ||
| 245 |
_aMURDER IN THE ASHRAM _bWELCOME TO THE DARK SIDE OF DELHI |
||
| 260 |
_aLONDON _bHACHETTE _c2011 |
||
| 300 | _a309 | ||
| 520 | _aShe discovers that the yoga world isn't always the calm, spiritual place advertised, but that beneath the breathing exercises and dog poses lies something sinister - something that she's certain points to dark, hidden secrets that could have huge repercussions for all involved if discovered | ||
| 650 |
_aNOVEL _z978-0-7499-5363-8 |
||
| 942 | _cBK | ||
| 999 |
_c3547 _d3547 |
||